| 000 | 00407nam a2200157Ia 4500 | ||
|---|---|---|---|
| 008 | 230524s9999 xx 000 0 und d | ||
| 020 | _a9789388137805 | ||
| 100 |
_awww.madeeasypublications.org _944999 |
||
| 245 | 0 | _aElectronics Engineering GATE 2020 | |
| 250 | _a13 | ||
| 260 |
_aNew Delhi _bMADE EASY _c2019 |
||
| 300 | _a696p; | ||
| 500 | _aQuantity Number: 1 | ||
| 650 | _aElectronics | ||
| 942 | _cBK | ||
| 999 |
_c60604 _d60604 |
||